Detalles MARC
| 000 -LEADER |
| fixed length control field |
03188nam a2200289Ia 4500 |
| 003 - CONTROL NUMBER IDENTIFIER |
| control field |
OSt |
| 005 - DATE AND TIME OF LATEST TRANSACTION |
| control field |
20210907123239.0 |
| 008 - FIXED-LENGTH DATA ELEMENTS--GENERAL INFORMATION |
| fixed length control field |
210310s1995 ck ad fr 000 0dspa d |
| 020 ## - INTERNATIONAL STANDARD BOOK NUMBER |
| International Standard Book Number |
9586016277 |
| 040 ## - CATALOGING SOURCE |
| Original cataloging agency |
CO-JMCR |
| Transcribing agency |
CO-JMCR |
| 041 0# - LANGUAGE CODE |
| Language code of text/sound track or separate title |
spa |
| 082 04 - DEWEY DECIMAL CLASSIFICATION NUMBER |
| Classification number |
330.98018 / |
| Item number |
L865a |
| Edition number |
23 |
| 100 1# - MAIN ENTRY--PERSONAL NAME |
| Personal name |
Lora, Eduardo, |
| 9 (RLIN) |
17510 |
| Relator term |
coordinador |
| 245 10 - TITLE STATEMENT |
| Title |
Análisis de coyuntura económica : |
| Remainder of title |
métodos aplicados en América Latina / |
| Statement of responsibility, etc. |
Eduardo Lora y Joaquín Vial, coordinadores |
| 250 ## - EDITION STATEMENT |
| Edition statement |
Primera edición |
| 260 ## - PUBLICATION, DISTRIBUTION, ETC. |
| Place of publication, distribution, etc. |
Bogotá : |
| Name of publisher, distributor, etc. |
Tercer Mundo, |
| Date of publication, distribution, etc. |
1995 |
| 300 ## - PHYSICAL DESCRIPTION |
| Extent |
xiv, 335 páginas : |
| Other physical details |
ilustraciones y gráficas a blanco y negro ; |
| Dimensions |
21 cm. |
| 490 0# - SERIES STATEMENT |
| Series statement |
Económica |
| 500 ## - GENERAL NOTE |
| General note |
Incluye notas a pie de página y datos biográficos de los autores. |
| 504 ## - BIBLIOGRAPHY, ETC. NOTE |
| Bibliography, etc. note |
Bibliografía al final de cada capítulo. |
| 505 0# - FORMATTED CONTENTS NOTE |
| Title |
Modelos macroeconómicos en el análisis de coyuntura / |
| Statement of responsibility |
Joaquín Vial |
| Title |
La actividad económica de corto plazo: métodos de análisis en países latinoamericanos / |
| Statement of responsibility |
Carlos H. Ortiz Q. |
| Title |
Indicadores laborales / |
| Statement of responsibility |
Marta Luz Henao |
| Title |
Sector externo: análisis y proyección de la balanza de pagos / |
| Statement of responsibility |
Carmen Celedón |
| Title |
Introducción a la política fiscal macroeconómica / |
| Statement of responsibility |
Osvaldo Larrañaga |
| Title |
Técnicas de programación monetaria para el análisis de coyuntura / |
| Statement of responsibility |
Carlos Budnevich |
| Title |
Detrás del velo inflacionario / |
| Statement of responsibility |
Eduardo Lora, Olga Lucía Jaramillo,. Carlos H. Ortiz |
| 520 3# - SUMMARY, ETC. |
| Summary, etc. |
Debido a que las economías latinoamericanas sufren continuadas fluctuaciones, las organizaciones gremiales, las entidades públicas y las grandes empresas de todos nuestros países dedican ingentes esfuerzos al seguimiento y evaluación de la coyuntura económica. Pero quienes adelantan estas tareas a menudo carecen del instrumental analítico adecuado, ya que en las universidades de la región el estudio formal de la economía suele estar divorciado de las realidades nacionales. Este libro busca tender un puente entre los textos básicos de macroeconomía y la práctica diaria de los análisis de coyuntura económica en América Latina.<br/>Dado su objetivo, este libro tiene un enfoque aplicado. Ha sido estructurado alrededor de los principales temas del análisis de coyuntura económica, como son la actividad productiva, la situación laboral, el sector externo, las finanzas públicas, y los indicadores de precios e inflación. En cada uno de estos temas se han seleccionado los conceptos, metodologías y modelos de uso más corriente en los países de la región, utilizando siempre cifras y ejemplos reales.<br/>Cieplan es una institución privada de carácter académico, sin fines de lucro, creada en Chile en 1976 con el objetivo de propiciar el análisis de problemas económicos de interés nacional e internacional.<br/>Fedesarrollo es una entidad privada independiente y sin ánimo de lucro, con sede en Colombia, que durante 25 años se ha dedicado a la investigación económica con el ánimo de contribuir a la adopción de políticas económicas acertadas. |
| 650 14 - SUBJECT ADDED ENTRY--TOPICAL TERM |
| Topical term or geographic name entry element |
Macroeconomía |
| 9 (RLIN) |
17512 |
| General subdivision |
Metodología |
| -- |
Modelos |
| 651 #4 - SUBJECT ADDED ENTRY--GEOGRAPHIC NAME |
| Geographic name |
América Latina |
| General subdivision |
Condiciones económicas |
| 9 (RLIN) |
40091 |
| 700 1# - ADDED ENTRY--PERSONAL NAME |
| Personal name |
Vial, Joaquín, |
| Relator term |
coordinador |
| 9 (RLIN) |
40092 |
| 942 ## - ADDED ENTRY ELEMENTS (KOHA) |
| Source of classification or shelving scheme |
Dewey Decimal Classification |
| Koha item type |
Books |